000 00551nam a2200205Ia 4500
005 20250326142246.0
008 250326s9999 xx 000 0 und d
020 _a0-314-010262-2
037 _aTextbook
040 _aFMSL
_beng
_cFMSL
041 _aeng
_2eng
084 _aX:51:f N3
_qFMSL
100 _aMcdaniel C
_9737022
245 0 _aContemporary marketing research
_cMcdaniel C; Gates R
250 _a2
260 _aNew York
_bNew York, West
_c1993
300 _a673p
942 _cTB
_hX:51:f N3
999 _c1294168
_d1294168